书目信息 |
| 题名: |
国际文化贸易
|
|
| 作者: | 李小牧 编著 | |
| 分册: | ||
| 出版信息: | 北京 高等教育出版社 2014 |
|
| 页数: | 225页 | |
| 开本: | 23cm | |
| 丛书名: | ||
| 单 册: | ||
| 中图分类: | G114 | |
| 科图分类: | ||
| 主题词: | 文化--产业--世界--高等学校--教材 | |
| 电子资源: | ||
| ISBN: | 978-7-04-040612-2 | |
| 000 | 00885nam0 2200241 450 | |
| 001 | 0103280560 | |
| 005 | 20141218095511.0 | |
| 010 | @a978-7-04-040612-2@dCNY29.80 | |
| 100 | @a20141014d2014 em y0chiy0120 ea | |
| 101 | 0 | @achi@eeng |
| 102 | @aCN@b110000 | |
| 105 | @ay z 000yy | |
| 106 | @ar | |
| 200 | 1 | @a国际文化贸易@9Guo Ji Wen Hua Mao Yi @f李小牧编著@b专著 |
| 210 | @a北京@c高等教育出版社@d2014 | |
| 215 | @a225页@d23cm | |
| 300 | @a普通高等学校国际文化贸易专业系列教材 | |
| 330 | @a本书共10章,分别为国际文化贸易概述、美国对外文化贸易、欧洲对外文化贸易、日韩对外文化贸易、文化贸易标的、文化贸易结构模式、文化贸易交易模式、国际文化贸易动因、国际文化贸易效应和国际文化贸易政策。 | |
| 606 | 0 | @a文化@x产业@y世界@x高等学校@j教材 |
| 690 | @aG114@v5 | |
| 701 | 0 | @a李小牧@f(1966.4~)@4编著@9li xiao mu |
| 801 | 0 | @aCN@bAZmarc@c20230902 |
| 905 | @aBZT@dG114@e18@f1@sG114/18 | |
| 国际文化贸易/李小牧编著.-北京:高等教育出版社,2014 |
| 225页;23cm |
| 普通高等学校国际文化贸易专业系列教材 |
| ISBN 978-7-04-040612-2:CNY29.80 |
| 本书共10章,分别为国际文化贸易概述、美国对外文化贸易、欧洲对外文化贸易、日韩对外文化贸易、文化贸易标的、文化贸易结构模式、文化贸易交易模式、国际文化贸易动因、国际文化贸易效应和国际文化贸易政策。 |
| ● |
| 相关链接 |
|
|
|
正题名:国际文化贸易
索取号:G114/18
 
预约/预借
| 序号 | 登录号 | 条形码 | 馆藏地/架位号 | 状态 | 备注 |
| 1 | 2000007490 | 2000007490 | 旧书回溯/ [索取号:G114/18] | 在馆 |